000
00279nam a22001097a 4500
999
_c
8437
_d
8438
008
200218b ||||| |||| 00| 0 eng d
082
_a
070.4 LAN
245
_a
LAN202: Basic Journalism
300
_a
79 p.
_c
30 cm.
650
_a
Originally published: Basic journalism
942
_2
ddc